| 000 | 00481nam a22001817a 4500 | ||
|---|---|---|---|
| 003 | NUST - PNEC | ||
| 005 | 20170116180810.0 | ||
| 008 | 150428b xxu||||| |||| 00| 0 eng d | ||
| 020 | _a- | ||
| 040 | _cLIBRARY | ||
| 082 | _a297 AHM | ||
| 100 |
_93302 _aAhmedyar, Khan Sahib |
||
| 245 |
_aIlm ul Quran _cMaulana Mufti Ahmed Yar Khan Sahib |
||
| 260 |
_aGujrat: _bIdara Kutab Islamia, |
||
| 300 |
_a193 p. : _c22 cm. |
||
| 650 |
_93303 _aIslam, Quran _xGeneral |
||
| 942 |
_2ddc _cBK |
||
| 999 |
_c63352 _d63352 |
||